| 000 | 00398nam a2200145Ia 4500 | ||
|---|---|---|---|
| 008 | 230917s9999||||xx |||||||||||||| ||und|| | ||
| 040 |
_e103733 _aMAIN |
||
| 041 | _aEnglish | ||
| 082 | _a301.441 095 4 M584M | ||
| 100 | _aAhmad, Imtiaz, ed. | ||
| 245 | 0 | _aMiddle class values in India and Western Europe | |
| 260 |
_aNew Delhi _bSocial Science Press _c2001 |
||
| 300 | _aix, 211 p. | ||
| 942 | _cBK | ||
| 999 |
_c116015 _d116015 |
||